000 01331nam a2200289 4500
005 20240530110951.0
008 221212s2022 ua hf f b 000 0 ara d
017 _a2021/28668
_bمصر. دار الكتب
020 _a9789773444990
040 _aEG-CaGPL
_cEG-CaGPL
082 0 4 _221
_a953.084
_bق/م س
100 0 _aمحمد الششتاوى
245 1 2 _aالسلطان الملك المؤيد شيخ صاحب اكبر مسجد جامع فى العصر المملوكى :
_bالسلطان المظفر احمد ابن المؤيد، السلطان الظاهر ططر، ابن الصالح محمد ابن ططر/
_cتاليف محمد الششتاوى
250 _aط.1
260 _aالقاهرة :
_bدار الافاق العربية،
_c2022.
300 _a472ص. :
_bايض ؛
_c24 سم.
490 0 _aموسوعة سلاطين الممالك تاريخهم اثارهم اوقافهم؛
_v12.
504 _aيشتمل على ارجاعات ببليوجرافية
600 0 _2المؤيد شيخ
600 0 _2احمد ابن المؤيد
600 0 _aالظاهر ططر
600 0 _aالصالح محمد ابن ططر
650 0 7 _2qrmak
_aالملوك المصرين
651 0 7 _2qrmak
_aمصر
_xالملوك والحكام
942 _2ddc
_cBK
999 _c66996
_d66996